Vista normal Vista MARC

Entrada Topical Term

Número de registros utilizados en: 1

001 - CONTROL NUMBER

  • control field: 5635

003 - CONTROL NUMBER IDENTIFIER

  • control field: OSt

005 - DATE AND TIME OF LATEST TRANSACTION

  • control field: 20200616141630.0

008 - FIXED-LENGTH DATA ELEMENTS

  • fixed length control field: 200616|| aca||aabn | a|a d

040 ## - CATALOGING SOURCE

  • Original cataloging agency: OSt
  • Transcribing agency: OSt

150 ## - HEADING--TOPICAL TERM

  • Topical term or geographic name entry element: Política económica

670 ## - SOURCE DATA FOUND

  • Source citation: Work cat.: (OSt)5523: Von Mises, Ludwig, autor 2071, Crítica del intervencionismo : , 2001.